Cuatro décadas del modelo maquilador en el norte de México (Record no. 129630)
[ view plain ]
| 000 -LEADER | |
|---|---|
| fixed length control field | 01115nam a2200265 4500 |
| 005 - DATE AND TIME OF LATEST TRANSACTION | |
| control field | 20170310095252.0 |
| 008 - FIXED-LENGTH DATA ELEMENTS--GENERAL INFORMATION | |
| fixed length control field | 170309b mx ||||| |||| 00| 0 spa d |
| 020 ## - INTERNATIONAL STANDARD BOOK NUMBER | |
| International Standard Book Number | 9786074790115 |
| 050 04 - LIBRARY OF CONGRESS CALL NUMBER | |
| Classification number | HD9734 .M6 |
| Item number | C83 2009 |
| 245 00 - TITLE STATEMENT | |
| Title | Cuatro décadas del modelo maquilador en el norte de México |
| Statement of responsibility, etc | / María del Rosario Barajas [e tal]... |
| 250 ## - EDITION STATEMENT | |
| Edition statement | 1a ed. |
| 260 ## - PUBLICATION, DISTRIBUTION, ETC. (IMPRINT) | |
| Place of publication, distribution, etc | Tijuana, Baja California, México : |
| -- | Hermosillo, Sonora, México : |
| Name of publisher, distributor, etc | El Colegio de la Frontera Norte : |
| -- | El Colegio de Sonora, |
| Date of publication, distribution, etc | 2009. |
| 300 ## - PHYSICAL DESCRIPTION | |
| Extent | 437 p. ; |
| Dimensions | 22 cm. |
| 504 ## - BIBLIOGRAPHY, ETC. NOTE | |
| Bibliography, etc | Incluye bibliografía (p.434-436) e índice |
| 650 #7 - SUBJECT ADDED ENTRY--TOPICAL TERM | |
| Source of heading or term | LEMB |
| Topical term or geographic name as entry element | Industria maquiladora |
| Geographic subdivision | México, Norte de |
| Chronological subdivision | 1965-2005 |
| 650 #7 - SUBJECT ADDED ENTRY--TOPICAL TERM | |
| Source of heading or term | LEMB |
| Topical term or geographic name as entry element | Industria maquiladora |
| General subdivision | Historia |
| Geographic subdivision | México, Norte de |
| Chronological subdivision | 1965-2005 |
| 650 #7 - SUBJECT ADDED ENTRY--TOPICAL TERM | |
| Source of heading or term | LEMB |
| Topical term or geographic name as entry element | Exportación |
| General subdivision | Historia |
| Geographic subdivision | México |
| 700 1# - ADDED ENTRY--PERSONAL NAME | |
| Personal name | Barajas E., María del Rosio, |
| Relator term | coord. |
| 700 1# - ADDED ENTRY--PERSONAL NAME | |
| Personal name | Grijalva, Gabriela, |
| Relator term | coord. |
| 700 1# - ADDED ENTRY--PERSONAL NAME | |
| Personal name | Lara, Blaca, |
| Relator term | coord. |
| 700 1# - ADDED ENTRY--PERSONAL NAME | |
| Personal name | Velázquez, Lorenia, |
| Relator term | coord. |
| 700 1# - ADDED ENTRY--PERSONAL NAME | |
| Personal name | Rodríguez, Liz Ileana, |
| Relator term | coord. |
| 700 1# - ADDED ENTRY--PERSONAL NAME | |
| Personal name | Zuñiga, Mercedes, |
| Relator term | coord. |
| 942 ## - ADDED ENTRY ELEMENTS (KOHA) | |
| Source of classification or shelving scheme | Biblioteca del Cogreso de los Estados Unidos |
| Koha item type | Libro |
| Estado de pérdida | Fuente de clasificación | Estado del daño | No para préstamo | Ubicación permanente | Ubicación actual | Apartado o colección | Fecha de adquisición | Edición | Dependencia de educación superior (DES) | Área del conocimiento | Clasificación | Código de Barras | Date last seen | Número de copia | Tipo de recurso | Nota pública |
|---|---|---|---|---|---|---|---|---|---|---|---|---|---|---|---|---|
| Biblioteca del Cogreso de los Estados Unidos | Biblioteca del Instituto de Investigaciones Históricas | Biblioteca del Instituto de Investigaciones Históricas | General | 10/03/2017 | 1a ed. | Humanidades | Educación y Humanidades | HD9734 .M6 C83 2009 | IIH000016573 | 10/03/2017 | C:1 | Libro | GENERAL |